Normal view
MARC view
- Shellabear, William Girdlestone,
Entry Personal Name
001 - CONTROL NUMBER
- control field: 5711
003 - CONTROL NUMBER IDENTIFIER
- control field: OSt
005 - DATE AND TIME OF LATEST TRANSACTION
- control field: 20170517154217.0
008 - FIXED-LENGTH DATA ELEMENTS
- fixed length control field: 170517|| aca||aabn | a|a d
040 ## - CATALOGING SOURCE
- Original cataloging agency: OSt
- Transcribing agency: OSt
100 ## - HEADING--PERSONAL NAME
- Personal name: Shellabear, William Girdlestone,
- Dates associated with a name: 1862-1947
670 ## - SOURCE DATA FOUND
- Source citation: Work cat.: (OSt)0: Arockiamary Savarimuthu 5707, Ayat majmuk dalam Sejarah Melayu /, 1992

PORTAL AKMAL
E-MEL JKDM
AKMAL2U
G-BAM
u-PUSTAKA